000 00483nam a2200169Ia 4500
003 GCL
008 140319s9999 xx 000 0 eng d
040 _aGCL /
_cGCL
082 0 4 _a006.66
_bWD
100 1 _aWHEELER, SUSAN
245 1 0 _aDRAWING CONCLUSIONS: AN ARTISTS GUIDE TO ADOBE ILLUSTRATOR 5.0 /
_cWHEELER, SUSAN
700 1 _aWHEELER, GARY
260 _a[S.N] :
_bWM. C. BROWIN COMMUNICATIONS, INC ،
_c1994
300 _a385 P
650 0 4 _aGRAPHIC ARTS
942 _2ddc
_cBK
999 _c10480
_d10480